[Event "Stay Safe Play From Home 310"]
[Site "Emanuel Lasker Arena"]
[Date "2020.07.17"]
[Round "1"]
[White "Hetou"]
[Black "Bardellosport"]
[Result "1-0"]
[WhiteElo "2500"]
[BlackElo "1985"]
[Annotator "TA"]
[PlyCount "101"]
[EventDate "2020.07.17"]
[EventType "swiss (blitz)"]

{[%evp 9,101,54,62,53,84,64,69,66,69,58,95,63,101,62,58,58,81,52,86,86,53,86,83,79,88,92,94,84,79,43,100,76,92,39,57,65,128,13,11,0,0,-15,14,0,50,-614,481,469,484,474,458,469,465,433,568,560,539,333,540,531,1581,1564,992,161,164,157,144,40,439,415,29971,29972,29966,29959,5443,5285,29984,29985,29986,29987,29987,29988,29988,29988,29988,29989,29989,29990,29990,29991,29991,29990,29990,29990]} 1. e4 e6 2. Nc3 d5 3. d4 c6 4. e5 f5 5. f4 c5 {[#]} 6. Nf3 $146 {B15: Caro-Kann: 3 Nc3: 3...g6 and 3...dxe4 4 Nxe4 Nf6 5 Nxf6+ exf6.} ({Predecessor:} 6. Bb5+ Bd7 7. Bxd7+ Nxd7 8. g4 Qc7 9. gxf5 exf5 10. Nxd5 Qa5+ 11. Bd2 Qb5 12. Nc7+ {1-0 (25) Belza Garcia,J-Lai,K (1125) Hong Kong 2019}) 6... cxd4 7. Nxd4 Nc6 8. Be3 {White is slightly better.} Nxd4 9. Bxd4 b6 10. Qd2 Bc5 11. O-O-O Bxd4 12. Qxd4 Ne7 13. g4 fxg4 14. Rg1 Nf5 15. Qf2 h5 16. h3 g3 17. Rxg3 $1 Nxg3 18. Qxg3 Qe7 19. Bd3 {[%mdl 1024] White has strong compensation.} Bb7 (19... Bd7 $14) 20. Bg6+ Kd8 21. Ne2 (21. f5 $16) 21... Rc8 22. Nd4 Kc7 (22... Rc4 $14) 23. Bd3 (23. f5 $1 $16) 23... Kb8 $11 24. Rg1 Rc7 25. Qg5 Qd7 26. h4 Rhc8 {Hoping for ...Qa4.} 27. Bb5 $2 {[%mdl 8192] [#]} (27. c3 $14) 27... Qd8 $4 {[%mdl 8192]} (27... Rxc2+ $1 $19 {[%mdl 512] and all is fine.} 28. Kb1 {[#]} (28. Nxc2 Qxb5) 28... Qc7 $1 {[%mdl 512]}) 28. Qxd8 $18 Rxd8 29. Nxe6 {[%mdl 64] Double Attack} Rdc8 30. Nxc7 Rxc7 {[%mdl 4096] Endgame KRB-KRB} 31. f5 d4 {and the idea ...Be4 leaves Black hopeful.} 32. f6 gxf6 33. exf6 {Black must now prevent Rg8+.} Bd5 $2 (33... Rf7 34. Rf1 Rf8) 34. Rg7 Rf7 35. Rxf7 Bxf7 {KB-KB} 36. b3 $2 (36. Ba4 {And now Bb3 would win.} Kc7 37. Bb3 Bxb3 38. axb3 (38. cxb3 Kd6 $11)) 36... Kc7 37. Kd2 {aiming for Bc4.} Kd6 {intending ...Ke5.} 38. Kd3 ({Better is} 38. Ke2 $16) 38... Kc5 $2 {[%mdl 8192]} (38... Ke5 $14) 39. Bc4 Bxc4+ (39... Bg6+ $18 40. Kd2 Kd6) 40. bxc4 {KP-KP} Kd6 41. Kxd4 Ke6 42. c5 {White threatens c6 and mate.} bxc5+ 43. Kxc5 {White mates.} Kxf6 {K3P-KPP} 44. Kd6 Kf5 45. c4 Kg4 46. c5 Kxh4 47. c6 Kg3 48. c7 h4 49. c8=Q h3 50. Qg8+ Kf2 51. Qf7+ {Accuracy: White = 61%, Black = 39%.} 1-0

[Event "Stay Safe Play From Home 310"]
[Site "Emanuel Lasker Arena"]
[Date "2020.07.17"]
[Round "1"]
[White "AChessPlayer"]
[Black "Grizzzly"]
[Result "1-0"]
[WhiteElo "2457"]
[BlackElo "1910"]
[Annotator "TA"]
[PlyCount "141"]
[EventDate "2020.07.17"]
[EventType "swiss (blitz)"]

{[%evp 15,141,7,49,42,52,37,45,18,31,13,15,14,22,0,10,-2,48,47,47,40,250,8,116,22,47,-61,-54,-54,13,13,14,5,29,7,7,15,12,0,0,0,0,-18,-14,-48,-24,-49,-48,-55,-35,-42,-29,-57,6,0,25,0,0,0,127,121,460,146,285,7,585,512,589,344,354,141,468,331,521,472,463,6,83,-29982,-29983,-29978,-708,-1224,-1018,-1098,0,0,29990,-4802,29962,29967,12829,12830,12793,12794,29981,957,29956,2088,1172,1087,1513,0,1000,281,241,0,1579,0,185,0,0,0,0,0,5193,1189,29988,29989,29989,29990,29990,29988,29993,29994,29998,29998,29998,29999]} 1. d4 d5 2. c4 e6 3. Nf3 Nf6 4. Nc3 Nbd7 5. Bg5 c6 6. e3 Qa5 7. cxd5 exd5 8. Bd3 Bb4 (8... Ne4 $5) 9. O-O {D52: Queen's Gambit Declined: Cambridge Springs Variation.} O-O 10. Rc1 Re8 {[#]} 11. Re1 $146 {White is slightly better.} ({Predecessor:} 11. Qc2 Bxc3 12. bxc3 Ne4 13. c4 h6 14. Bf4 Nf8 15. cxd5 Qxd5 16. Ne5 Nd6 17. Nc4 Nxc4 18. Bxc4 {1-0 (47) Niebuhr,G (1938)-Wiemer,J (2045) Binz 2017}) 11... h6 12. Bh4 Ne4 13. Qc2 {[%cal Rd3e4]} Ndf6 14. Nd2 Nxd2 15. Qxd2 Bxc3 (15... Ne4 $5 {[%cal Re4d2]} 16. Qc2 Bf5 $11) 16. bxc3 Ne4 17. Qc2 Bf5 $2 ({Black should try} 17... Be6 $14) 18. c4 $2 (18. f3 $18) 18... Bg6 (18... b5 $11 {keeps the balance.}) 19. Bg3 ({White should play} 19. f3 $1 $16) 19... Nxg3 20. hxg3 (20. Bxg6 $14 fxg6 21. hxg3) 20... Bxd3 $15 21. Qxd3 dxc4 (21... Qxa2 $15 22. c5 Qa5) 22. Qxc4 $11 Rad8 23. Re2 Qd5 24. Rec2 Qxc4 25. Rxc4 {[%mdl 4096] Endgame KRR-KRR} Rd5 26. Rc5 Rxc5 27. Rxc5 {KR-KR} Rd8 28. Rc2 Rd5 29. Kf1 Kf8 30. Ke2 Ke7 31. Kd3 Ke6 32. e4 Rg5 33. Ke3 f5 (33... Ra5 $15) 34. e5 Kd5 35. Rc5+ Ke6 36. a4 {[%cal Ba2a4,Ba4a5][%mdl 32]} Rh5 (36... Rg4 $11) 37. a5 $16 {Hoping for a6!} Rh2 $2 {[%mdl 8192] [#]} (37... Rh1 $16 {is tougher.}) 38. Rc2 $2 (38. a6 $1 $18 {[%cal Ra6b7][%mdl 512] is the precise move to win.} bxa6 39. Rxc6+ {[%mdl 64] Double Attack} Kf7 40. Rxa6) 38... g5 {[#]} (38... Rh1 $16) 39. Kf3 $2 (39. a6 $1 $18 {[%cal Ra6b7][%mdl 512]} bxa6 40. Rxc6+ {[%mdl 64] Double Attack} Kd5 41. Rd6+ Kc4 42. Rxa6) 39... f4 $2 {[%mdl 8192]} (39... Rh1 $1 $11 {and Black has nothing to worry.}) 40. gxf4 gxf4 41. Kxf4 Rxg2 {[#]} 42. Kf3 $2 (42. a6 $1 $18 {[%mdl 512]} bxa6 43. Rxc6+ Kd5 44. Rd6+ (44. Rxa6 Kxd4 45. f3 Rg8 $18) (44. Rxh6 Rxf2+ 45. Ke3 Ra2 $18) 44... Kc4 45. Ke3 (45. Rxa6 Kxd4 46. Rd6+ Kc3 $18) (45. Rxh6 Rxf2+ 46. Ke3 Rf1 $18)) 42... Rg5 $2 {[%mdl 8192]} (42... Rg1 $16) 43. Rb2 Rf5+ (43... b5 {was called for.} 44. axb6 axb6) 44. Ke3 Rf7 45. Rb4 $2 (45. Ke4 $18) 45... Kd5 (45... c5 $1 $11 {remains equal.} 46. dxc5 Kxe5) 46. Rc4 $2 {[%mdl 8192]} (46. a6 $16 b6 47. Rb1) 46... Kxc4 {KR-KP} 47. f4 Kb5 (47... Kd5 $142 48. Kf3 Kxd4 49. Kg4 Ke3 50. Kh5 Kxf4 51. Kg6 Re7 52. Kf6 Rxe5 53. Kg7 Kg5 54. a6 bxa6 55. Kf7 h5 56. Kg7 Re7+ 57. Kf8 Kf6 58. Kg8 Re8+ 59. Kh7 h4 60. Kh6 Rh8#) 48. Ke4 Kxa5 $19 {KR-K3P} 49. f5 b5 $2 ({Better is} 49... Kb6 $19 50. e6 Rf8) 50. e6 $11 b4 $2 {[%mdl 8192]} (50... Re7 $11 51. Ke5 b4) 51. Ke5 $4 {[%mdl 8192]} (51. exf7 {was the only winning move.} Ka4 52. f8=Q h5 53. f6 h4 54. f7 h3 55. Qd6 a5 56. f8=Q) 51... b3 $4 {[%mdl 8192]} (51... Rb7 $19 52. f6 Rb5+ 53. Kd6 b3) 52. exf7 {KP-KP} b2 53. f8=Q {Qb8! would kill now.} b1=Q $18 {KQ-KQ} 54. Qc5+ {[%mdl 64] Double Attack} Ka4 55. f6 (55. Qxa7+ $142 Kb3 56. Qb8+ Kc2 57. Qxb1+ Kxb1 58. f6 Kb2 59. f7 Kb3 60. f8=Q) 55... Qb5 56. Kd6 (56. Qxb5+ $142 Kxb5 57. f7 Kc4 58. f8=Q h5 59. Qc5+ $1 {[%mdl 512]} Kd3 60. Qxc6 a6 61. d5) 56... Qb8+ 57. Kxc6 Qc8+ {[#]} 58. Kd5 $2 ({Only move:} 58. Kd6 $1 $18 {[%mdl 512]} Qf8+ 59. Ke5 $1 {[%mdl 512]} Qb8+ 60. Ke6 Qe8+ 61. Qe7 Qc6+ 62. Kf7) 58... Qd7+ $2 {[%mdl 8192]} (58... Qf5+ $11 59. Kc4 Qf1+ 60. Kc3 Qf3+ 61. Kd2 Qxf6 62. Qxa7+ Kb5) 59. Kc4 $2 (59. Ke5) 59... Qe6+ {[#]} 60. Qd5 $2 (60. d5 $1 $18 {[%csl Gc4][%cal Rc5b4]} Qe2+ 61. Kc3 Qf3+ {[%mdl 64] Double Attack} 62. Kc2 Qf5+ 63. Kd1 Qd3+ 64. Ke1 Qe4+ 65. Kd2 Qf4+ {[%mdl 64] Double Attack} 66. Ke2 Qg4+ 67. Kd3 Qf5+ {[%mdl 64] Double Attack} 68. Ke3 Qe5+ 69. Kd3 Qf5+ 70. Ke2 Qg4+ 71. Kf1 Qf3+ 72. Qf2 Qd1+ 73. Kg2 Qxd5+ 74. Qf3) 60... Qc8+ $2 {[%mdl 8192]} (60... Qa6+ $11 61. Kc3 Qxf6) 61. Qc5 $2 (61. Kd3 {White threatens Qc4+ and mate.} Qh3+ 62. Ke4) 61... Qe6+ {[#]} 62. Kc3 $2 (62. d5 $1 $18 {[%csl Gc4][%cal Rc5b4]} Qa6+ 63. Kc3 Qxf6+ 64. Qd4+ Qxd4+ 65. Kxd4) 62... Qe3+ $11 63. Kc2 {Intending Qc4+ and mate.} Qe2+ 64. Kc1 {Qc2+ is the strong threat.} Qe1+ $2 {[%mdl 8192]} (64... Qe3+ $11 65. Kc2 Qf2+ 66. Kd3 Qf3+ 67. Kd2 Qxf6 68. Qxa7+ Kb3) 65. Kb2 $18 {And now f7 would win.} Qd2+ 66. Qc2+ {White mates.} Qxc2+ 67. Kxc2 Kb4 68. f7 a5 69. f8=Q+ Ka4 70. Qc5 h5 71. Kb2 {Both players deserved the win here. Accuracy: White = 41%, Black = 42%.} 1-0

[Event "Stay Safe Play From Home 310"]
[Site "Emanuel Lasker Arena"]
[Date "2020.07.17"]
[Round "1"]
[White "Mepe_Nika"]
[Black "Haxhi Baha"]
[Result "1-0"]
[WhiteElo "2318"]
[BlackElo "1937"]
[Annotator "TA"]
[PlyCount "53"]
[EventDate "2020.07.17"]
[EventType "swiss (blitz)"]

{[%evp 9,53,14,37,45,104,87,100,97,211,203,288,289,262,272,500,474,632,657,641,668,616,549,589,604,557,554,538,314,776,776,784,730,1647,706,696,684,6165,6165,5639,5219,29993,29994,29994,29995,29997,29997]} 1. g3 e6 2. Bg2 d5 3. c4 Be7 4. Nf3 c6 5. O-O h5 {[#]} 6. h4 $146 {A13: English Opening: 1...e6.} ({Predecessor:} 6. d4 h4 7. Nc3 hxg3 8. fxg3 Nf6 9. Qd3 Nbd7 10. Bf4 Qb6 11. b3 Nh5 12. Bd2 {1-0 (23) Radovanovic,M (2466)-Milin,D (2043) Novi Sad 2018}) 6... g5 (6... b5 $14) 7. Nxg5 Bxg5 8. hxg5 {White is better.} h4 (8... Qxg5 $16 9. d4 Qg7) 9. d4 $18 hxg3 (9... Ne7 $142 10. Nc3 Nd7 11. cxd5 exd5) 10. fxg3 Ne7 11. Nc3 {[%cal Bb1c3,Bc3e4,Be4d6][%mdl 32]} Nf5 $2 (11... Na6 {was called for.} 12. cxd5 exd5) 12. Bf4 Nd7 13. e4 dxe4 14. Nxe4 Kf8 15. Nd6 Qb6 {[#]} 16. g6 $1 {[%mdl 512]} Qxd4+ (16... fxg6 17. g4) 17. Qxd4 Nxd4 18. Be3 Ne2+ $2 (18... Nf5) 19. Kf2 fxg6 20. Kxe2+ Ke7 21. Nxc8+ (21. Rad1 $142 Nf6 {[#]} 22. Bg5 $1 {[%mdl 512]}) 21... Raxc8 22. Bg5+ Kd6 23. Rad1+ Kc7 {[#]} 24. Rf7 $1 e5 25. Rdxd7+ {White mates.} Kb6 26. Be3+ Ka6 27. Rxb7 {White took control after the opening. Accuracy: White = 69%, Black = 29%.} 1-0

[Event "Stay Safe Play From Home 310"]
[Site "Emanuel Lasker Arena"]
[Date "2020.07.17"]
[Round "1"]
[White "Lamborghini"]
[Black "Batbayaraa"]
[Result "1-0"]
[WhiteElo "2197"]
[BlackElo "1209"]
[Annotator "TA"]
[PlyCount "67"]
[EventDate "2020.07.17"]
[EventType "swiss (blitz)"]

{[%evp 10,67,49,46,47,27,31,21,29,11,30,25,390,0,0,-49,77,89,134,123,113,107,124,125,105,117,121,58,70,47,594,611,587,606,600,591,651,645,658,651,679,633,624,614,627,622,604,592,708,591,790,785,810,804,820,773,29985,29986,29991,29990]} 1. e4 d5 2. exd5 Qxd5 3. Nc3 Qd8 4. d4 e6 5. Nf3 Nf6 6. Bd3 c5 {B01: Scandinavian Defence.} 7. Be3 cxd4 8. Bxd4 {[#]} Be7 $146 {The position is equal.} ({Predecessor:} 8... Nc6 9. Be3 Nd5 10. Nxd5 Qxd5 11. O-O Be7 12. Qe2 O-O 13. Rfd1 Qh5 14. Bf4 g5 15. Nxg5 Qxe2 16. Bxe2 {1-0 (77) Mirza,R (1991)-Lunde,S (1834) Sarpsborg 2019}) 9. Qe2 O-O 10. O-O-O {[%cal Ba1d1,Bd1d3,Bd3d7,Bd7b7][%mdl 32]} a6 $2 {[%mdl 8192]} (10... Qa5 $11 {and Black stays safe.}) 11. Ne4 $2 (11. Bxf6 $1 $18 gxf6 12. Bxh7+ $1 {[%mdl 576] Discovered Attack} Kxh7 13. Rxd8 Bxd8 14. Qd3+ Kg7 15. h4) 11... Nd5 $1 $11 12. a3 f5 (12... Nc6 $15 13. Bc4 Nxd4 14. Rxd4 Nf4) 13. Nc3 $16 {aiming for Bc4.} Nf4 14. Qe3 Nxd3+ 15. Rxd3 Qc7 16. Kb1 b5 17. Rhd1 $40 {[%mdl 128] White attacks with force.} Nc6 {[#]} 18. Be5 ({Better is} 18. Ne2 $1 $16) 18... Nxe5 $14 19. Nxe5 {Nd7 is the strong threat.} Bb7 $2 {[%mdl 8192] Black is now going downhill.} (19... Qc5 $14) 20. Rd7 $18 Qc5 21. Rxb7 {And now Qxc5 would win.} Qxe3 22. fxe3 Bf6 23. Nd7 Rf7 24. Nxf6+ gxf6 25. Rxf7 Kxf7 {[%mdl 4096] Endgame KRN-KR} 26. Rd6 Ke7 27. Rb6 Kf7 28. g3 Kg6 29. Ne2 a5 30. Rxe6 b4 31. a4 Rd8 32. Kc1 Rd1+ 33. Kxd1 b3 34. cxb3 {Accuracy: White = 75%, Black = 48%.} 1-0

[Event "Stay Safe Play From Home 310"]
[Site "Emanuel Lasker Arena"]
[Date "2020.07.17"]
[Round "1"]
[White "Greblah"]
[Black "Lazieri3"]
[Result "0-1"]
[WhiteElo "1878"]
[BlackElo "2132"]
[Annotator "TA"]
[PlyCount "98"]
[EventDate "2020.07.17"]
[EventType "swiss (blitz)"]

{[%evp 12,98,24,18,26,0,0,0,11,11,12,7,11,10,11,11,12,0,0,-33,-20,-66,-24,-29,0,-9,-6,-7,0,-38,-27,-30,-26,-159,-171,-160,-154,-170,-99,-239,-239,-231,-224,-242,-239,-239,-239,-303,-287,-277,-230,-258,-249,-259,-258,-268,-225,-443,-415,-528,-531,-564,-331,-686,-706,-735,-737,-733,-700,-767,-723,-647,-537,-1109,-678,-1182,-1070,-29982,-29983,-29980,-29981,-29981,-29982,-29986,-29986,-29989,-29990,-29990,-29991]} 1. e4 c6 2. d4 d5 3. exd5 cxd5 4. Bd3 Nc6 5. c3 Nf6 6. Ne2 Bg4 7. O-O {[#]} Bh5 $146 {B13: Caro-Kann: Exchange Variation and Panov-Botvinnik Attack.} ({Predecessor:} 7... e6 8. Qb3 Qd7 9. Nf4 Bd6 10. h3 Bh5 11. Nxh5 Nxh5 12. Re1 O-O 13. Qd1 Nf4 14. Bc2 Rae8 15. h4 {1-0 (38) Caruana,F (2828)-Thavandiran,S (2410) chess.com INT 2019}) 8. Qe1 Bg6 9. Nf4 Bxd3 {The position is equal.} 10. Nxd3 e6 11. Nd2 h6 12. Nf3 Bd6 13. Nfe5 O-O 14. Nxc6 bxc6 15. Ne5 c5 16. Be3 cxd4 17. Bxd4 Nd7 18. Nxd7 Qxd7 19. f4 Qc7 20. Be5 Bxe5 21. Qxe5 Qb6+ 22. Qd4 (22. Rf2 $11 {remains equal.}) 22... Qxb2 $17 23. f5 exf5 24. Qxd5 Qxc3 (24... g6 $19 25. Qb3 Qd2) 25. Rac1 {Now White is beyond hope.} (25. Qxf5 $17 {was the only defense.} Qd4+ 26. Qf2) 25... Qe3+ $19 26. Kh1 g6 27. Rce1 Qb6 28. Rb1 Qa6 29. Rf3 Rad8 30. Qb3 Qe6 31. Rh3 Qxb3 32. axb3 {[%mdl 4096] Endgame KRR-KRR} Kg7 33. Ra1 Rd7 34. g3 $2 {[#]} (34. Kg1) 34... Rb8 35. g4 fxg4 36. Rg3 Rdb7 37. Ra3 $2 (37. Rxg4 Rxb3 38. Rxa7) 37... h5 38. h3 gxh3 39. Rxh3 Kh6 40. Rc3 h4 41. Kg2 g5 42. Kh3 Kh5 43. Rd3 f5 44. Rd5 Rxb3+ {Black mates.} 45. Rxb3 Rxb3+ 46. Kg2 Kg4 47. Rd4+ f4 48. Rc4 h3+ 49. Kh1 Rb2 {Accuracy: White = 35%, Black = 70%.} 0-1

[Event "Stay Safe Play From Home 310"]
[Site "Emanuel Lasker Arena"]
[Date "2020.07.17"]
[Round "1"]
[White "Haris kollari 13"]
[Black "Broken sword"]
[Result "0-1"]
[WhiteElo "1657"]
[BlackElo "2450"]
[Annotator "NA"]
[PlyCount "66"]
[EventDate "2020.07.17"]
[EventType "swiss (blitz)"]

1. e4 {[%emt 0:00:01]} c5 {[%emt 0:00:00]} 2. f4 {[%emt 0:00:01]} e6 {[%emt 0:00:00]} 3. Nf3 {[%emt 0:00:01]} a6 {[%emt 0:00:00]} 4. d4 {[%emt 0:00:01]} cxd4 {[%emt 0:00:00]} 5. Nxd4 {[%emt 0:00:00]} d5 {[%emt 0:00:00]} 6. e5 {[%emt 0:00:01]} Ne7 {[%emt 0:00:01]} 7. c3 {[%emt 0:00:01]} Nbc6 {[%emt 0:00:00]} 8. Bd3 {[%emt 0:00:01]} Nxd4 {[%emt 0:00:01]} 9. cxd4 {[%emt 0:00:01]} Nc6 {[%emt 0:00:00]} 10. Be3 {[%emt 0:00:01]} Qb6 {[%emt 0:00:00]} 11. Qd2 {[%emt 0:00:03]} g6 {[%emt 0:00:01]} 12. Nc3 {[%emt 0:00:02]} Bd7 {[%emt 0:00:01]} 13. a3 {[%emt 0:00:03]} Na5 {[%emt 0:00:03]} 14. Qc2 {[%emt 0:00:05]} Rc8 {[%emt 0:00:01]} 15. O-O {[%emt 0:00:03]} Be7 {[%emt 0:00:01]} 16. Rac1 {[%emt 0:00:01]} Nc4 {[%emt 0:00:02]} 17. Bxc4 {[%emt 0:00:01]} Rxc4 {[%emt 0:00:00]} 18. Qd2 {[%emt 0:00:02]} O-O {[%emt 0:00:02]} 19. g4 {[%emt 0:00:03]} f6 {[%emt 0:00:04]} 20. f5 {[%emt 0:00:03]} fxe5 {[%emt 0:00:02]} 21. dxe5 {[%emt 0:00:01]} Bc5 {[%emt 0:00:01]} 22. Bxc5 {[%emt 0:00:04]} Qxc5+ {[%emt 0:00:00]} 23. Kh1 {[%emt 0:00:01]} exf5 {[%emt 0:00:03]} 24. gxf5 {[%emt 0:00:01]} Bxf5 {[%emt 0:00:01]} 25. Qxd5+ {[%emt 0:00:02]} Qxd5+ {[%emt 0:00:01]} 26. Nxd5 {[%emt 0:00:00]} Rxc1 {[%emt 0:00:03]} 27. Ne7+ {[%emt 0:00:07]} Kf7 {[%emt 0:00:01]} 28. Rxc1 {[%emt 0:00:04]} Kxe7 {[%emt 0:00:00]} 29. Rc7+ {[%emt 0:00:00]} Ke6 {[%emt 0:00:00]} 30. Rxb7 {[%emt 0:00:01]} Be4+ {[%emt 0:00:01]} 31. Kg1 {[%emt 0:00:02]} Bxb7 {[%emt 0:00:00]} 32. h4 {[%emt 0:00:01]} Kxe5 {[%emt 0:00:01]} 33. h5 {[%emt 0:00:00]} gxh5 {[%emt 0:00:01] Time (Lag: Av=0.31s, max=0.4s)} 0-1

[Event "Stay Safe Play From Home 310"]
[Site "Emanuel Lasker Arena"]
[Date "2020.07.17"]
[Round "1"]
[White "Klasman"]
[Black "Little champs"]
[Result "0-1"]
[WhiteElo "1293"]
[BlackElo "2313"]
[Annotator "TA"]
[PlyCount "42"]
[EventDate "2020.07.17"]
[EventType "swiss (blitz)"]

{[%evp 21,42,-8,-11,-14,-7,-18,7,-23,-31,-102,413,413,663,657,639,-152,184,177,148,139,179,172,179]} 1. f4 c5 2. e4 d6 3. Nf3 Nc6 4. d4 cxd4 5. Nxd4 Nf6 6. Nc3 g6 7. Bb5 Bd7 8. Bxc6 Bxc6 9. Nxc6 bxc6 10. O-O Bg7 11. Be3 O-O 12. f5 {[#] B56: Classical Sicilian: Unusual Lines.} Rb8 $146 ({Predecessor:} 12... Qb8 13. Rb1 Nd7 14. Qg4 Nf6 15. Qh3 Qb4 16. Rf4 Nh5 17. Rg4 Bxc3 18. Qxh5 Bg7 19. Qh3 h5 20. fxg6 fxg6 21. Rxg6 Qxe4 {1-0 (60) Akulova,T (1592)-Malyshev,V (1890) Samara 2015}) 13. Rb1 Nd7 14. fxg6 {The position is equal.} (14. Qe1 {seems wilder.} Qc7 15. b3 e6 16. Bf4 Qb6+ 17. Kh1) 14... hxg6 15. Qg4 ({White should try} 15. Qe1 $15) 15... Qa5 $2 {[%mdl 8192]} (15... Bxc3 $1 $17 16. bxc3 Rxb1 17. Rxb1 Nf6) 16. Qxd7 $18 {[%mdl 64] Double Attack} Rxb2 (16... Rfe8 $142 17. Bd2 Qc5+ 18. Kh1 Bf6) 17. Rxb2 Qxc3 18. Bc1 $2 {[#]} (18. Rb3 $18 Qe5 19. Qxc6) 18... Qc5+ $2 {[#]} (18... Bd4+ $1 $17 19. Kh1 Qc4) 19. Kh1 $1 {White is clearly better.} Bxb2 20. Bxb2 Qxc2 21. Ba1 ({Weaker is} 21. Qxa7 Qxb2 22. Qxe7 Qxa2 $15) 21... Qe2 {[%mdl 32768] Loss on time!?} 0-1

[Event "Stay Safe Play From Home 310"]
[Site "Emanuel Lasker Arena"]
[Date "2020.07.17"]
[Round "2"]
[White "Little champs"]
[Black "Hetou"]
[Result "0-1"]
[WhiteElo "2313"]
[BlackElo "2501"]
[Annotator "TA"]
[PlyCount "44"]
[EventDate "2020.07.17"]
[EventType "swiss (blitz)"]

{[%evp 9,44,48,54,43,53,33,39,37,34,2,25,-42,-60,-42,-58,-72,-68,-153,-137,-168,-159,-341,-347,-342,-342,-439,-459,-471,-502,-502,-502,-816,-813,-821,-704,-1206,-1169]} 1. d4 b6 2. e4 Bb7 3. Nc3 g6 4. Nf3 Bg7 5. Bc4 d6 6. O-O {B00: Queen's Fianchetto Defence, Nimzowitsch Defence.} e6 7. Bb3 Ne7 8. Re1 {White is slightly better.} Nd7 {[%cal Bb8d7,Bd7f8,Bf8e6][%mdl 32] [#]} 9. Ng5 $146 ({Predecessor:} 9. Qd3 O-O 10. a3 a6 11. h4 Nf6 12. Nh2 h5 13. f3 c5 14. Ne2 e5 15. d5 {1-0 (37) Nagaytseva,M (1548)-Guseva,A (1701) Kimry 2015}) 9... h6 10. Nxe6 ({And not} 10. Nxf7 Kxf7 11. Ne2 (11. Qg4 $2 Nf8 $17) 11... Nf8 $19) (10. Nf3 $11) 10... fxe6 $15 11. Bxe6 Nf8 12. Bb3 {White wants to play Qf3.} Qd7 13. Qf3 (13. a4 $15) 13... Ne6 ({Stronger than} 13... Bxd4 14. Qf7+ Kd8 15. Ne2 $11) 14. Be3 Rf8 15. Qg4 $2 {[#]} (15. Qd1 $17) 15... Nxd4 $19 16. Qxd7+ Kxd7 17. e5 Nxb3 {Black is clearly winning.} 18. axb3 Bxe5 19. Bxh6 Rh8 20. Be3 (20. Rxe5 $142 dxe5 21. Bg7) 20... Rxh2 21. f3 Rah8 22. Rad1 Bg3 {White did not feel at home in the position after the opening. Accuracy: White = 33%, Black = 100%.} 0-1